Grammar in use : (Record no. 4976)

MARC details
000 -LEADER
fixed length control field 00781nam a22002297a 4500
003 - CONTROL NUMBER IDENTIFIER
control field OSt
005 - DATE AND TIME OF LATEST TRANSACTION
control field 20251021051044.0
008 - FIXED-LENGTH DATA ELEMENTS--GENERAL INFORMATION
fixed length control field 251021b |||||||| |||| 00| 0 eng d
020 ## - INTERNATIONAL STANDARD BOOK NUMBER
International Standard Book Number 0-521-34843-9.
040 ## - CATALOGING SOURCE
Original cataloging agency DWCL-Main lib
Transcribing agency OC
082 ## - DEWEY DECIMAL CLASSIFICATION NUMBER
Edition number Circ. 428.24 M978g 1989
100 ## - MAIN ENTRY--PERSONAL NAME
Personal name Altman, Roann
245 ## - TITLE STATEMENT
Title Grammar in use :
Remainder of title reference and practice for intermediate students of English
260 ## - PUBLICATION, DISTRIBUTION, ETC.
Place of publication, distribution, etc. Cambridge :
Name of publisher, distributor, etc. Cambridge University Press,
Date of publication, distribution, etc. c1989.
300 ## - PHYSICAL DESCRIPTION
Extent ix, 267 pages :
Other physical details illustration ;
Dimensions 25 cm.
504 ## - BIBLIOGRAPHY, ETC. NOTE
Bibliography, etc. note Includes bibliographical references and index.
504 ## - BIBLIOGRAPHY, ETC. NOTE
Bibliography, etc. note Includes index.
650 ## - SUBJECT ADDED ENTRY--TOPICAL TERM
Source of heading or term 1. English language-Grammar.
650 ## - SUBJECT ADDED ENTRY--TOPICAL TERM
Source of heading or term 2. English language-Textbook for foreign speakers.
700 ## - ADDED ENTRY--PERSONAL NAME
Personal name Murphy, Raymond
942 ## - ADDED ENTRY ELEMENTS (KOHA)
Source of classification or shelving scheme Dewey Decimal Classification
Koha item type Book Circulation
Call number prefix Circ.
Suppress in OPAC No

No items available.